ZAOU News (Record no. 83435)

MARC details
000 -LEADER
fixed length control field 00940nas a2200169 a 4500
008 - FIXED-LENGTH DATA ELEMENTS--GENERAL INFORMATION
fixed length control field 120917c20109999||||||||||||||||| || u
050 ## - LIBRARY OF CONGRESS CALL NUMBER
Classification number ZAOU(05)N
110 ## - MAIN ENTRY--CORPORATE NAME
Corporate name or jurisdiction name as entry element Zambian Open University (ZAOU)
245 10 - TITLE STATEMENT
Title ZAOU News
Statement of responsibility, etc. Quarterly publication by the Zambian Open University
260 ## - PUBLICATION, DISTRIBUTION, ETC.
Place of publication, distribution, etc. Lusaka
Date of publication, distribution, etc. 2010
300 ## - PHYSICAL DESCRIPTION
Extent 12p.: ill.
362 1# -
-- <p>Vol. 3, Issue No. 3, July/Sept 2010; Vol. 4, Issue No. 1, Jan/March 2011; vol. 4, Issue No. 3, July/Sept 2011</p>
650 ## - SUBJECT ADDED ENTRY--TOPICAL TERM
Topical term or geographic name entry element UNIVERSITIES AND COLLEDGES--PERIODICALS--ZAMBIA
995 ## -
-- SPECIAL COLLECTIONS
-- 205
-- CBU-MAIN LIBRARY (Kitwe)
-- ZAOU(05)N/2011/4/1
-- 2
-- AVAILABLE
-- Sep 24, 2012
-- B205
-- Zambiana Collection
995 ## -
-- SPECIAL COLLECTIONS
-- 204
-- CBU-MAIN LIBRARY (Kitwe)
-- ZAOU(05)N/2010/3/3
-- 1
-- AVAILABLE
-- Sep 24, 2012
-- B204
-- Zambiana Collection
995 ## -
-- SPECIAL COLLECTIONS
-- 206
-- CBU-MAIN LIBRARY (Kitwe)
-- ZAOU(05)N/2011/4/3
-- 3
-- AVAILABLE
-- Sep 24, 2012
-- B206
-- Zambiana Collection
999 ## -
-- 83435
-- 83435
Holdings
Withdrawn status Lost status Source of classification or shelving scheme Damaged status Not for loan Permanent Location Current Location Shelving location Date acquired Total Checkouts Full call number Barcode Date last seen Copy number Price effective from Koha item type
          CBU-MAIN LIBRARY, KITWE. CBU-MAIN LIBRARY, KITWE.   10/30/2023   ZAOU(05)N/2011/4/1 B205 10/30/2023 1 10/30/2023 SPECIAL COLLECTION
          CBU-MAIN LIBRARY, KITWE. CBU-MAIN LIBRARY, KITWE.   10/30/2023   ZAOU(05)N/2010/3/1 B204 10/30/2023 2 10/30/2023 SPECIAL COLLECTION
          CBU-MAIN LIBRARY, KITWE. CBU-MAIN LIBRARY, KITWE.   10/30/2023   ZAOU(05)N/2011/4/3 B206 10/30/2023 3 10/30/2023 SPECIAL COLLECTION